000 01053nam a22003017a 4500
001 8063
003 FISKH
005 20250820102848.0
008 250820b cb ||||| |||| 00| 0 eng d
020 _a033500925528
040 _aFISKH
_beng
_cFISKH
_dFISKH
050 _aPZ7.C136 T
082 _a513.21
100 _aCalmenson , Stephanie
245 _aTen items or less :
_bA counting boook /
_cBy Stephanie Calmenson : Illustrated by Terri Super
260 _aNew York :
_bA Golden Book ,
_c1985.
300 _a24 unnumbered pages :
_bcolor illustrations ;
_c20 cm .
490 _aA Little Golden Book
505 _aK
520 _aMandy helps her mother count their items in the supermarket, where they can get in the express lane with no more than ten items.
521 8 _a510
_bLexile estimate
521 8 _aK
_bRaz-Plus
650 _aGrocery shopping
_vJuvenile Literature
650 _aNumbers and counting
_vJuvenile Literature
700 _aSuper, Terri
_eIllustrator
942 _2ddc
_cBK
_n0
999 _c8063
_d8063